DLL-based PWM Generator / (Record no. 566312)

000 -LEADER
fixed length control field 00553nam a22001697a 4500
020 ## - INTERNATIONAL STANDARD BOOK NUMBER
Qualifying information Hard Cover.
082 ## - DEWEY DECIMAL CLASSIFICATION NUMBER
Classification number BEE- 5 BIL
100 ## - MAIN ENTRY--PERSONAL NAME
Personal name Muhammad Bilal Khan.
245 ## - TITLE STATEMENT
Title DLL-based PWM Generator /
Statement of responsibility, etc. Muhammad Khan, Bilal
260 ## - PUBLICATION, DISTRIBUTION, ETC.
Place of publication, distribution, etc. Islamabad:
Name of publisher, distributor, etc. SEECS-NUST,
Date of publication, distribution, etc. 2011.
300 ## - PHYSICAL DESCRIPTION
Extent 55 p. :
Other physical details ill. ;
Dimensions 30cm.
650 ## - SUBJECT ADDED ENTRY--TOPICAL TERM
Topical term or geographic name entry element Bachelor in Electrical Engineering .
700 ## - ADDED ENTRY--PERSONAL NAME
Personal name Abdullah Mansoor.
856 ## - Uniform Resource Identifier
Uniform Resource Identifier <a href="http://10.250.8.41:8080/xmlui/handle/123456789/10545">http://10.250.8.41:8080/xmlui/handle/123456789/10545</a>
942 ## - ADDED ENTRY ELEMENTS (KOHA)
Source of classification or shelving scheme
Koha item type Project Report
650 ## - SUBJECT ADDED ENTRY--TOPICAL TERM
-- 55460
700 ## - ADDED ENTRY--PERSONAL NAME
-- 31183
Holdings
Withdrawn status Lost status Source of classification or shelving scheme Damaged status Not for loan Permanent Location Current Location Shelving location Date acquired Full call number Barcode Date last seen Price effective from Koha item type
WITHDRAWN         Central Library (CL) Central Library (CL) Thesis 06/24/2021 BEE- 5 BIL SEECSP01178 06/24/2021 06/24/2021 Project Report
© 2023 Central Library, National University of Sciences and Technology. All Rights Reserved.